000
00261nam a2200097Ia 4500
008
240331s9999 xx 000 0 und d
082
_b
CIT
100
_a
Oommen, T.K, . ed
245
0
_a
Citizenship and national identity :
_b
from colonialism to globalism
942
_c
L
999
_c
2312
_d
2312